| 000 | 00633cam a22002411 4500 | ||
|---|---|---|---|
| 001 | sa 68018686 | ||
| 003 | DLC | ||
| 005 | 20260227112713.0 | ||
| 008 | 790227s1961 io 000 0 jav | ||
| 010 | _asa 68018686 | ||
| 035 | _a(OCoLC)4694209 | ||
| 040 |
_aDLC _cOAU _dDLC |
||
| 042 | _apremarc | ||
| 050 | 0 | 0 |
_aBL625 _b.R25 |
| 100 | 1 | _aRamuwisit, S. | |
| 245 | 1 | 0 |
_aKagunan batin, _coleh S. Ramuwisit. |
| 250 | _a[Tjet. 1.] | ||
| 260 |
_aSemarang, _bPenerbit Wijasa _c[1961] |
||
| 300 |
_a42 p. _c20 cm. |
||
| 500 | _a"Disadur dari tjeramah G. Hodson." | ||
| 650 | 0 | _aMysticism. | |
| 700 | 1 |
_aHodson, Geoffrey, _d1886-1983. |
|
| 999 |
_c88583 _d88583 |
||